La elocuencia en el renacimiento (Record no. 53345)

MARC details
000 -LEADER
campo de control de longitud fija 00892nam a2200265 i 4500
001 - NÚMERO DE CONTROL
campo de control 53345
003 - IDENTIFICADOR DE NÚMERO DE CONTROL
campo de control ES-MaACL
005 - FECHA Y HORA DE LA ÚLTIMA TRANSACCIÓN
campo de control 20230906162741.0
007 - CAMPO FIJO DE DESCRIPCIÓN FÍSICA--INFORMACIÓN GENERAL
campo de control de longitud fija t|
008 - DATOS DE LONGITUD FIJA--INFORMACIÓN GENERAL
campo de control de longitud fija 031021s1999 sp ||||0| spa j
020 ## - NÚMERO INTERNACIONAL ESTÁNDAR DEL LIBRO
Número Internacional Estándar del Libro 84-7522-028-2
040 ## - FUENTE DE CATALOGACIÓN
Centro catalogador/agencia de origen M-BN
Lengua de catalogación spa
Centro/agencia transcriptor M-BN
080 ## - NÚMERO DE LA CLASIFICACIÓN DECIMAL UNIVERSAL
Número de la Clasificación Decimal Universal 82.08"14/16"
245 03 - MENCIÓN DEL TÍTULO
Título La elocuencia en el renacimiento
Resto del título : estudios sobre la teoría y la práctica de la retórica renacentista /
Mención de responsabilidad, etc. James J. Murphy (ed.) ; traducción de Gaspar Garrote Bernal ... [et al.].
260 ## - PUBLICACIÓN, DISTRIBUCIÓN, ETC.
Lugar de publicación, distribución, etc. Madrid :
Nombre del editor, distribuidor, etc. Visor Libros,
Fecha de publicación, distribución, etc. 1999.
300 ## - DESCRIPCIÓN FÍSICA
Extensión 536 p ;
Dimensiones 21 cm.
490 1# - MENCIÓN DE SERIE
Mención de serie Visor literario ;
Designación de volumen o secuencia 5
650 14 - PUNTO DE ACCESO ADICIONAL DE MATERIA--TÉRMINO DE MATERIA
Término de materia o nombre geográfico como elemento de entrada Retórica-
Subdivisión geográfica S.XV-XVII.
9 (RLIN) 16887
700 1# - ENTRADA AGREGADA--NOMBRE PERSONAL
Nombre de persona Murphy, James Jerome.
9 (RLIN) 84621
700 1# - ENTRADA AGREGADA--NOMBRE PERSONAL
Nombre de persona Garrote Bernal, Gaspar.
9 (RLIN) 55785
830 0# - PUNTO DE ACCESO ADICIONAL DE SERIE-TÍTULO UNIFORME
Título uniforme Visor literario ;
Designación de volumen o secuencia 5
9 (RLIN) 182437
852 ## - LOCALIZACIÓN
Ubicación ES-MaACL
Número de control de estantería L-26541
Sublocalización o colección R.131952
Holdings
Estatus retirado Estado de pérdida Estado de daño No para préstamo Biblioteca de origen Biblioteca actual Ubicación en estantería Fecha de adquisición Fuente de adquisición Total de préstamos Signatura topográfica completa Código de barras Visto por última vez Precio de reemplazo Tipo de ítem Koha
        Biblioteca del Ateneo de Madrid Biblioteca del Ateneo de Madrid Depósito 2 17/01/2008     L-26541 1056050 23/02/2023 23/02/2023 Libro impreso